A TEXTBOOK OF PHARMACEUTICAL BIOLOGY (Record no. 6103)

MARC details
000 -LEADER
fixed length control field 00457nam a22001817a 4500
005 - DATE AND TIME OF LATEST TRANSACTION
control field 20200316101939.0
008 - FIXED-LENGTH DATA ELEMENTS--GENERAL INFORMATION
fixed length control field 200316b xxu||||| |||| 00| 0 eng d
020 ## - INTERNATIONAL STANDARD BOOK NUMBER
ISBN 9788125600756
041 ## - LANGUAGE CODE
Language code of text/sound track or separate title eng
082 ## - DEWEY DECIMAL CLASSIFICATION NUMBER
Classification number 615.321 4
100 ## - MAIN ENTRY--AUTHOR NAME
Personal name SARDANA, DR.S
245 ## - TITLE STATEMENT
Title A TEXTBOOK OF PHARMACEUTICAL BIOLOGY
250 ## - EDITION STATEMENT
Edition statement 7th, 2018
260 ## - PUBLICATION, DISTRIBUTION, ETC. (IMPRINT)
Place of publication DELHI
Name of publisher BIRLA PUBLICATION PVT. LTD
Year of publication 1993
300 ## - PHYSICAL DESCRIPTION
Number of Pages 260; xiv
650 ## - SUBJECT ADDED ENTRY--TOPICAL TERM
Topical Term PHARMACY
942 ## - ADDED ENTRY ELEMENTS (KOHA)
Koha item type Books
Holdings
Lost status Damaged status Collection code Home library Current library Shelving location Date acquired Source of acquisition Cost, normal purchase price Full call number Accession Number Koha item type
    PHARMACY JRU Library JRU Library SHELF - 17 - I 16/03/2020 PURCHESS 350.00 615.321 4 23827 Books